[Event "SibFR-ch U16"]
[Site "Tomsk"]
[Date "2008.11.03"]
[Round "3"]
[White "Baldanov, Arsalan"]
[Black "Kiryushkin, Alexander"]
[Result "1-0"]
[WhiteElo "2122"]
[BlackElo "2035"]
[PlyCount "105"]
[EventDate "2008.11.01"]
[EventType "swiss"]
[EventRounds "9"]
[EventCountry "RUS"]
[SourceTitle "EXT 2022"]
[Source "ChessBase"]
[SourceDate "2021.10.06"]
[SourceVersion "1"]
[SourceVersionDate "2021.10.06"]
[SourceQuality "1"]

1. e4 e5 2. Nf3 Nf6 3. Nxe5 d6 4. Nf3 Nxe4 5. Nc3 Nxc3 6. dxc3 Be7 7. Be3 Nc6 8. Qd2 Be6 9. a3 Qd7 10. Nd4 Nxd4 11. Bxd4 0-0 12. Be2 a6 13. Bf3 Qb5 14. 0-0-0 Bg5 15. Be3 Bxe3 16. Qxe3 Rfe8 17. Qf4 a5 18. h4 Ra6 19. a4 Qc5 20. Qd4 Qxd4 21. cxd4 d5 22. Rhe1 Kf8 23. Re5 f6 24. Re3 Bf7 25. Rde1 Rae6 26. Rxe6 Rxe6 27. Rxe6 Bxe6 28. Kd2 Ke7 29. c4 c6 30. c5 Bf5 31. g3 Ke6 32. Kc3 Kd7 33. b4 axb4+ 34. Kxb4 Bd3 35. Kc3 Bf5 36. Be2 Ke6 37. a5 Kd7 38. Kd2 Bb1 39. Bg4+ f5 40. Be2 g6 41. Ke3 Bc2 42. Kf4 Ke6 43. Kg5 Kf7 44. Kh6 Kg8 45. a6 bxa6 46. Bxa6 Ba4 47. Bc8 Bb5 48. Be6+ Kh8 49. h5 f4 50. hxg6 hxg6 51. gxf4 Bd3 52. Bd7 Bb5 53. Kxg6 1-0

[Event "Asia-ch Children-A"]
[Site "Yakutsk"]
[Date "2008.07.11"]
[Round "7"]
[White "Baasanbat, Ganbat"]
[Black "Baldanov, Arsalan"]
[Result "0-1"]
[WhiteElo "1884"]
[BlackElo "2122"]
[PlyCount "69"]
[EventDate "2008.07.05"]
[EventType "swiss"]
[EventRounds "7"]
[EventCountry "RUS"]
[SourceTitle "EXT 2022"]
[Source "ChessBase"]
[SourceDate "2021.10.06"]
[SourceVersion "1"]
[SourceVersionDate "2021.10.06"]
[SourceQuality "1"]

1. e4 d5 2. exd5 Nf6 3. Nc3 Nxd5 4. Nxd5 Qxd5 5. Nf3 Bg4 6. Be2 Nc6 7. h3 Bh5 8. 0-0 0-0-0 9. d3 e5 10. Be3 f5 11. c4 Qd7 12. Qb3 f4 13. Bd2 Bxf3 14. Bxf3 Qxd3 15. Qa4 Nd4 16. Bg4+ Kb8 17. Bc3 Bc5 18. b4 h5 19. Bxd4 Bxd4 20. Rad1 Qxc4 21. Bf5 g5 22. Be4 Bxf2+ 23. Kxf2 Qxe4 24. Kg1 g4 25. Rfe1 Rxd1 26. Qxd1 Qxb4 27. Rxe5 gxh3 28. Rxh5 Re8 29. Re5 Rc8 30. gxh3 Qb6+ 31. Kh2 Qf2+ 32. Kh1 a6 33. Qg4 Rd8 34. Rd5 Qe1+ 35. Kh2 0-1

[Event "Asia-ch Children-A"]
[Site "Yakutsk"]
[Date "2008.07.06"]
[Round "2"]
[White "Yudin, Ivan"]
[Black "Baldanov, Arsalan"]
[Result "1-0"]
[WhiteElo "2235"]
[BlackElo "2122"]
[PlyCount "77"]
[EventDate "2008.07.05"]
[EventType "swiss"]
[EventRounds "7"]
[EventCountry "RUS"]
[SourceTitle "EXT 2022"]
[Source "ChessBase"]
[SourceDate "2021.10.06"]
[SourceVersion "1"]
[SourceVersionDate "2021.10.06"]
[SourceQuality "1"]

1. d4 Nf6 2. c4 g6 3. Nf3 Bg7 4. g3 0-0 5. Bg2 d6 6. Nc3 Nbd7 7. 0-0 c6 8. e4 e5 9. h3 Re8 10. Re1 Qc7 11. Be3 b6 12. Rc1 exd4 13. Nxd4 Nc5 14. Bf4 Nh5 15. Be3 Bd7 16. b4 Ne6 17. b5 Rad8 18. bxc6 Bxc6 19. Nd5 Bxd5 20. cxd5 Nc5 21. Nc6 Rd7 22. Bd4 Nf6 23. Rc2 h6 24. Rce2 Nh5 25. Bf3 Bxd4 26. Qxd4 Ng7 27. Bg4 Rdd8 28. Nxd8 Rxd8 29. f4 h5 30. Bf3 Kh7 31. Kg2 Qd7 32. Qd2 Qa4 33. g4 Qc4 34. Re3 h4 35. Rc1 Qb5 36. Be2 Qa4 37. Rc4 Qb5 38. Rd4 Qb1 39. Bf1 1-0